| 000 | 00472nam a22001697a 4500 | ||
|---|---|---|---|
| 003 | NUST - PNEC | ||
| 005 | 20170116181021.0 | ||
| 008 | 150915b xxu||||| |||| 00| 0 eng d | ||
| 020 | _a8130900483 | ||
| 040 | _cLIBRARY | ||
| 082 | _a620.17 JHA | ||
| 100 |
_910662 _aJha, Sudhaker |
||
| 245 |
_aThermo-mechanical simulation and processing of steels _cSudhaker Jha |
||
| 260 | _cc.2004 | ||
| 650 |
_910666 _aSteel--Metallurgy--Mathematical models _xME |
||
| 942 |
_2ddc _cBK |
||
| 999 |
_c67414 _d67414 |
||